[Event "DEM U16w 2010"]
[Site "Oberhof GER"]
[Date "2010.05.25"]
[Round "4"]
[White "Schätz, Bianca"]
[Black "Bohrmann, Sandra"]
[Result "1-0"]
[Termination "normal"]
[Board "10"]
[WhiteElo "1836"]
[BlackElo "1563"]
[PlyCount "79"]
[WhiteFideId "24655821"]
[BlackFideId "12905437"]
[EventCountry "GER"]
[EventRounds "9"]
[EventType "swiss"]
[EventDate "2010.05.22"]

1. e4 e5 2. Nf3 Nc6 3. Bc4 Bc5 4. c3 Nf6 5. d4 exd4 6. O-O O-O 7. cxd4 Bb6 8.
e5 Ne8 9. d5 Na5 10. Bd3 d6 11. b4 Bg4 12. bxa5 Bd4 13. Bxh7+ Kxh7 14. Qxd4
Bxf3 15. gxf3 Rh8 16. e6 fxe6 17. Qe4+ Kg8 18. Qxe6+ Kf8 19. Qf5+ Nf6 20. Bg5
Rh5 21. Qg6 Qe8 22. Qxe8+ Nxe8 23. f4 Kf7 24. Nc3 g6 25. Ne4 Ng7 26. Ng3 Rhh8
27. Rfe1 Rae8 28. Rac1 Rxe1+ 29. Rxe1 Re8 30. Rc1 Rc8 31. Ne4 Nf5 32. Rc4 c6
33. Ng3 Ng7 34. Bh6 Ne8 35. Ne4 a6 36. Kg2 Rc7 37. Ng5+ Kg8 38. Re4 Ng7 39.
Bxg7 Rxg7 40. Re8# 1-0

[Event "DEM U16w 2010"]
[Site "Oberhof GER"]
[Date "2010.05.25"]
[Round "4"]
[White "Maiwald, Anja"]
[Black "Reck, Jessica"]
[Result "1/2-1/2"]
[Termination "normal"]
[Board "12"]
[WhiteElo "1478"]
[BlackElo "1296"]
[PlyCount "56"]
[BlackFideId "12917931"]
[EventCountry "GER"]
[EventRounds "9"]
[EventType "swiss"]
[EventDate "2010.05.22"]

1. d4 e6 2. Nf3 d5 3. e3 Nf6 4. Bd3 c5 5. b3 Bd7 6. O-O Nc6 7. Nbd2 cxd4 8.
exd4 Qc7 9. Bb2 Nb4 10. Ne5 Rc8 11. c4 Bd6 12. Be2 O-O 13. a3 Nc6 14. Ndf3 h6
15. Nxc6 bxc6 16. Ne5 c5 17. f4 cxd4 18. Bxd4 Bc5 19. b4 Bxd4+ 20. Qxd4 dxc4
21. Bxc4 Rfd8 22. Qb2 Ba4 23. Rac1 Qb6+ 24. Qf2 Qxf2+ 25. Kxf2 Ne4+ 26. Ke3 Nd2
27. Rf2 Nxc4+ 28. Rxc4 Rxc4 1/2-1/2

[Event "DEM U16w 2010"]
[Site "Oberhof GER"]
[Date "2010.05.25"]
[Round "4"]
[White "Möller, Nadine"]
[Black "Lange, Anika"]
[Result "0-1"]
[Termination "normal"]
[Board "13"]
[WhiteElo "1042"]
[BlackElo "1356"]
[PlyCount "96"]
[BlackFideId "24693405"]
[EventCountry "GER"]
[EventRounds "9"]
[EventType "swiss"]
[EventDate "2010.05.22"]

1. e4 c5 2. c3 d5 3. exd5 Qxd5 4. d4 cxd4 5. cxd4 Nc6 6. Nf3 Bg4 7. Be2 Nf6 8.
O-O e6 9. Nc3 Qd7 10. Bf4 Be7 11. h3 Bh5 12. Rc1 O-O 13. Be3 a6 14. a3 Rac8 15.
Qd3 Nd5 16. Nxd5 Qxd5 17. Qc4 Qxc4 18. Rxc4 Rfd8 19. Rfc1 f6 20. Bd1 Be8 21.
Bb3 Kf7 22. Nh4 g6 23. Bh6 Bd7 24. Be3 Na5 25. Rxc8 Rxc8 26. Rxc8 Bxc8 27. Ba2
f5 28. Nf3 Bf6 29. d5 Bxb2 30. dxe6+ Bxe6 31. Ng5+ Ke7 32. Bxe6 Bxa3 33. g4 h6
34. Nf3 Kxe6 35. Bxh6 fxg4 36. hxg4 b5 37. Nd2 Kd5 38. f4 Nc4 39. Nb1 Bc5+ 40.
Kg2 Be3 41. Kf3 b4 42. Bg7 Nd2+ 43. Nxd2 Bxd2 44. f5 gxf5 45. gxf5 b3 46. Kg4
a5 47. Kh5 a4 48. Bb2 Bb4 0-1

[Event "DEM U16w 2010"]
[Site "Oberhof GER"]
[Date "2010.05.25"]
[Round "4"]
[White "Voggenreiter, Sara"]
[Black "Brandt, Carina"]
[Result "1-0"]
[Termination "normal"]
[Board "14"]
[WhiteElo "1587"]
[BlackElo "1084"]
[PlyCount "51"]
[WhiteFideId "24615358"]
[BlackFideId "12917940"]
[EventCountry "GER"]
[EventRounds "9"]
[EventType "swiss"]
[EventDate "2010.05.22"]

1. e4 e5 2. Nf3 Nc6 3. Bc4 Bc5 4. d3 Nf6 5. Bg5 d6 6. h3 Be6 7. Bxe6 fxe6 8.
Nc3 h6 9. Bh4 Qe7 10. Qd2 O-O-O 11. Na4 d5 12. exd5 exd5 13. O-O Bd6 14. Rfe1
g5 15. Bg3 e4 16. Bxd6 Qxd6 17. Nh2 Rdg8 18. Nc3 g4 19. hxg4 Nxg4 20. Nxg4 Rxg4
21. dxe4 Qg6 22. g3 dxe4 23. Rad1 Ne5 24. Kg2 Nf3 25. Qd7+ Kb8 26. Qd8+ 1-0

[Event "DEM U16w 2010"]
[Site "Oberhof GER"]
[Date "2010.05.25"]
[Round "5"]
[White "Tran, My Linh"]
[Black "Schulz, Anja"]
[Result "1/2-1/2"]
[Termination "normal"]
[Board "1"]
[WhiteElo "1801"]
[BlackElo "1972"]
[PlyCount "51"]
[WhiteFideId "24682462"]
[BlackFideId "24647845"]
[EventCountry "GER"]
[EventRounds "9"]
[EventType "swiss"]
[EventDate "2010.05.22"]

1. e4 c5 2. Nf3 d6 3. Bb5+ Bd7 4. Bxd7+ Qxd7 5. O-O g6 6. c3 Bg7 7. d3 Nc6 8.
h3 e6 9. Be3 Nge7 10. Qd2 O-O 11. Na3 Rfd8 12. Rad1 a6 13. Nc2 b5 14. Nh2 Rab8
15. Bh6 Bh8 16. Ng4 f5 17. exf5 exf5 18. Nh2 b4 19. d4 cxd4 20. Nxd4 Nxd4 21.
cxd4 Nd5 22. Qd3 Qb5 23. Qg3 Qc4 24. Qb3 Rdc8 25. Nf3 Qxb3 26. axb3 1/2-1/2

[Event "DEM U16w 2010"]
[Site "Oberhof GER"]
[Date "2010.05.25"]
[Round "5"]
[White "Kühnel, Lena"]
[Black "Schäfer, Daniela"]
[Result "0-1"]
[Termination "normal"]
[Board "2"]
[WhiteElo "1858"]
[BlackElo "1917"]
[PlyCount "86"]
[WhiteFideId "24640956"]
[BlackFideId "4624769"]
[EventCountry "GER"]
[EventRounds "9"]
[EventType "swiss"]
[EventDate "2010.05.22"]

1. e4 d6 2. d4 Nf6 3. Nc3 e5 4. Nf3 Nbd7 5. Bc4 Be7 6. O-O O-O 7. Re1 c6 8. a4
b6 9. d5 cxd5 10. Nxd5 Bb7 11. b3 Rc8 12. Re2 Nc5 13. Nxf6+ Bxf6 14. Bd5 Bxd5
15. Qxd5 Ne6 16. g3 Be7 17. Ba3 Qc7 18. Rd1 Rcd8 19. Red2 h5 20. h4 Qc8 21. Qb5
Nc5 22. Qe2 Qg4 23. Bxc5 bxc5 24. Ng5 Qxe2 25. Rxe2 Rc8 26. Red2 f6 27. Ne6
Rfe8 28. f4 Kf7 29. f5 c4 30. b4 c3 31. Re2 Rc4 32. Rb1 Rb8 33. b5 Rxa4 34. Nc7
Rc4 35. Nd5 Rc5 36. b6 axb6 37. Rxb6 Rxb6 38. Nxb6 Bd8 39. Nd5 g6 40. fxg6+
Kxg6 41. Re3 Rxd5 42. exd5 Bb6 43. Kf2 Kf5 0-1

[Event "DEM U16w 2010"]
[Site "Oberhof GER"]
[Date "2010.05.25"]
[Round "5"]
[White "Brühan, Caren"]
[Black "Pohl, Theresa"]
[Result "1/2-1/2"]
[Termination "normal"]
[Board "3"]
[WhiteElo "1458"]
[BlackElo "1821"]
[PlyCount "73"]
[WhiteFideId "24691976"]
[EventCountry "GER"]
[EventRounds "9"]
[EventType "swiss"]
[EventDate "2010.05.22"]

1. d4 g6 2. Nf3 Bg7 3. e3 d6 4. c3 Nd7 5. Bd3 e5 6. Nbd2 Ne7 7. O-O O-O 8. Re1
h6 9. Qc2 f5 10. e4 f4 11. Nc4 g5 12. h3 Ng6 13. Qb3 Kh7 14. Be2 Qe7 15. Qc2
Nf6 16. dxe5 dxe5 17. b3 c5 18. Nh2 Nh4 19. Nd2 Bd7 20. Qd1 Qf7 21. Ng4 Nxg4
22. Bxg4 Bxg4 23. Qxg4 Rad8 24. Nf3 Nxf3+ 25. Qxf3 Rd7 26. Bb2 Rfd8 27. Rad1
Kg8 28. Qg4 Kf8 29. c4 h5 30. Qe2 b6 31. Rd5 Rxd5 32. exd5 Re8 33. Qe4 g4 34.
hxg4 hxg4 35. g3 fxg3 36. fxg3 Qh5 37. Kf2 1/2-1/2

[Event "DEM U16w 2010"]
[Site "Oberhof GER"]
[Date "2010.05.25"]
[Round "5"]
[White "Klek, Hanna-Marie"]
[Black "Düssler, Stefanie"]
[Result "1-0"]
[Termination "normal"]
[Board "5"]
[WhiteElo "2133"]
[BlackElo "1828"]
[PlyCount "123"]
[WhiteFideId "24670057"]
[BlackFideId "4634780"]
[EventCountry "GER"]
[EventRounds "9"]
[EventType "swiss"]
[EventDate "2010.05.22"]

1. e4 e6 2. d4 d5 3. Nd2 Nf6 4. e5 Nfd7 5. f4 c5 6. Ngf3 Nc6 7. Nb3 f6 8. exf6
Nxf6 9. dxc5 Ne4 10. Be3 Nxc5 11. Nxc5 Qb6 12. Bd3 Bxc5 13. Bxc5 Qxc5 14. Ng5
Qe3+ 15. Qe2 Qxe2+ 16. Kxe2 h6 17. Bg6+ Ke7 18. Nf3 Rf8 19. g3 b6 20. c3 Ba6+
21. Ke3 Rac8 22. Rad1 Na5 23. Ne5 Bb7 24. Rhe1 Nc4+ 25. Nxc4 Rxc4 26. Bd3 Rcc8
27. Kd4 Kd6 28. Re5 Rc7 29. Rde1 Bc8 30. h4 Rcf7 31. R1e3 Rxf4+ 32. gxf4 Rxf4+
33. Be4 Rxh4 34. c4 Rxe4+ 35. R5xe4 dxe4 36. Kxe4 e5 37. Ra3 g6 38. Rxa7 Bf5+
39. Ke3 h5 40. b4 h4 41. Rh7 h3 42. a4 g5 43. Rh5 Be6 44. Rxg5 Bxc4 45. Rg6+
Kc7 46. Rh6 Bf1 47. Ke4 Bg2+ 48. Kxe5 Kd7 49. Kf4 Kc7 50. Kg3 Bf1 51. Kf2 Bg2
52. b5 Kb7 53. Rh7+ Kb8 54. Ke3 Kc8 55. Kd4 Kb8 56. Kc4 Ka8 57. Kb4 Kb8 58. a5
bxa5+ 59. Kxa5 Kc8 60. Kb6 Bf1 61. Rh5 Bg2 62. Ka7 1-0

[Event "DEM U16w 2010"]
[Site "Oberhof GER"]
[Date "2010.05.25"]
[Round "5"]
[White "Kostré, Margarita"]
[Black "Rethmann, Kristin"]
[Result "1/2-1/2"]
[Termination "normal"]
[Board "6"]
[WhiteElo "1779"]
[BlackElo "1782"]
[PlyCount "123"]
[WhiteFideId "4673344"]
[BlackFideId "24655805"]
[EventCountry "GER"]
[EventRounds "9"]
[EventType "swiss"]
[EventDate "2010.05.22"]

1. e4 e5 2. Nf3 Nc6 3. d4 exd4 4. Nxd4 Nf6 5. Nc3 Nxe4 6. Nxe4 Qe7 7. Bd3 Nxd4
8. O-O d6 9. Re1 Be6 10. Ba6 c5 11. c3 Nc6 12. Qa4 Qc7 13. Bb5 a6 14. Ng5 Qd7
15. Bxc6 bxc6 16. Qg4 O-O-O 17. Qa4 Qb7 18. Nxe6 Re8 19. Qg4 Qd7 20. Qc4 Qb7
21. Bd2 Rxe6 22. Rxe6 fxe6 23. Qxe6+ Qd7 24. Qc4 Kb7 25. b4 d5 26. Qe2 cxb4 27.
cxb4 Bd6 28. Re1 Rf8 29. Bc3 g6 30. g3 h5 31. Qe6 Qxe6 32. Rxe6 Rf3 33. Rxd6
Rxc3 34. Rxg6 d4 35. f4 Kc7 36. f5 Kd7 37. Re6 Rf3 38. Re4 d3 39. Kg2 Rxf5 40.
Rd4+ Ke7 41. Rxd3 Rb5 42. a3 a5 43. Rd4 axb4 44. Rxb4 Ra5 45. Rh4 Rxa3 46. Rxh5
Re3 47. Rf5 Kd6 48. h4 c5 49. h5 c4 50. h6 c3 51. g4 c2 52. Rf1 Re6 53. g5 Rg6
54. Kh3 Rxg5 55. Kh4 Rg2 56. Kh5 Ke7 57. h7 Rh2+ 58. Kg6 Rg2+ 59. Kh6 Rh2+ 60.
Kg7 Rg2+ 61. Kh8 Ke6 62. Ra1 1/2-1/2

[Event "DEM U16w 2010"]
[Site "Oberhof GER"]
[Date "2010.05.25"]
[Round "5"]
[White "Harder, Anne"]
[Black "Schätz, Bianca"]
[Result "1/2-1/2"]
[Termination "normal"]
[Board "7"]
[WhiteElo "1719"]
[BlackElo "1836"]
[PlyCount "38"]
[WhiteFideId "4614631"]
[BlackFideId "24655821"]
[EventCountry "GER"]
[EventRounds "9"]
[EventType "swiss"]
[EventDate "2010.05.22"]

1. e4 c5 2. Nc3 Nc6 3. g3 g6 4. Bg2 Bg7 5. d3 d6 6. Be3 Qa5 7. Qd2 Nd4 8. h3 e6
9. Nf3 Rb8 10. O-O Ne7 11. Bh6 Nxf3+ 12. Bxf3 O-O 13. Nd5 Qd8 14. Bxg7 Kxg7 15.
Nxe7 Qxe7 16. Bg2 e5 17. f4 exf4 18. Qxf4 Qe5 19. c3 Qxf4 1/2-1/2

[Event "DEM U16w 2010"]
[Site "Oberhof GER"]
[Date "2010.05.25"]
[Round "5"]
[White "Rogasch, Miriam"]
[Black "Schmitt, Katrin"]
[Result "1-0"]
[Termination "normal"]
[Board "8"]
[WhiteElo "1884"]
[BlackElo "1728"]
[PlyCount "83"]
[WhiteFideId "4616324"]
[BlackFideId "24654400"]
[EventCountry "GER"]
[EventRounds "9"]
[EventType "swiss"]
[EventDate "2010.05.22"]

1. e4 e5 2. Nf3 Nc6 3. Nc3 Nf6 4. d4 exd4 5. Nxd4 Bb4 6. Nxc6 bxc6 7. Qf3 d5 8.
exd5 cxd5 9. Bg5 c6 10. O-O-O Be6 11. Ne4 Be7 12. Nxf6+ Bxf6 13. Bxf6 Qxf6 14.
Qxf6 gxf6 15. Be2 Rg8 16. g3 O-O-O 17. Rhe1 c5 18. Rd3 Rd6 19. Rc3 c4 20. b3
Rc6 21. Rd1 Kc7 22. bxc4 dxc4 23. Rd4 Rd8 24. Rh4 Bf5 25. Rhxc4 Rxc4 26. Rxc4+
Kb8 27. Rf4 Bg6 28. Rxf6 Re8 29. Bd3 Re1+ 30. Kd2 Rh1 31. Bxg6 hxg6 32. h4 Ra1
33. Rxf7 Rxa2 34. Rf6 Ra5 35. Rxg6 Rd5+ 36. Kc1 Kc7 37. f4 Kd8 38. g4 Ke7 39.
h5 Kf7 40. f5 Rd8 41. h6 Rh8 42. Rg7+ 1-0

[Event "DEM U16w 2010"]
[Site "Oberhof GER"]
[Date "2010.05.25"]
[Round "5"]
[White "Bohrmann, Sandra"]
[Black "Marx, Inga"]
[Result "1/2-1/2"]
[Termination "normal"]
[Board "10"]
[WhiteElo "1563"]
[BlackElo "1756"]
[PlyCount "73"]
[WhiteFideId "12905437"]
[BlackFideId "4654749"]
[EventCountry "GER"]
[EventRounds "9"]
[EventType "swiss"]
[EventDate "2010.05.22"]

1. e4 c6 2. d4 g6 3. Nc3 d5 4. exd5 cxd5 5. Be2 Bg7 6. h3 Nf6 7. Nf3 Nc6 8. Bf4
a6 9. O-O O-O 10. Re1 Bf5 11. a3 e6 12. Bd3 Bxd3 13. Qxd3 b5 14. Na2 Re8 15. c3
Nd7 16. Nb4 Qb6 17. Nxc6 Qxc6 18. Qd2 f6 19. Bh2 Nb6 20. b3 Rac8 21. Rac1 Qd7
22. Rc2 Qe7 23. Ra2 Rc6 24. Qe3 Qf8 25. Qd2 Bh6 26. Qd3 Rec8 27. Qe2 Qe7 28.
Bg3 Kf7 29. a4 bxa4 30. bxa4 Rc4 31. a5 Na4 32. Rxa4 Rxa4 33. Qxa6 Rd8 34. Qb6
Bf8 35. Bh4 Qd7 36. Ne5+ fxe5 37. Bxd8 1/2-1/2

[Event "DEM U16w 2010"]
[Site "Oberhof GER"]
[Date "2010.05.25"]
[Round "5"]
[White "Reck, Jessica"]
[Black "Zimmerer, Leah"]
[Result "0-1"]
[Termination "normal"]
[Board "11"]
[WhiteElo "1296"]
[BlackElo "1618"]
[PlyCount "108"]
[WhiteFideId "12917931"]
[BlackFideId "4620240"]
[EventCountry "GER"]
[EventRounds "9"]
[EventType "swiss"]
[EventDate "2010.05.22"]

1. d4 Nf6 2. c4 e6 3. Nc3 Bb4 4. Bg5 b6 5. Nf3 Bb7 6. e3 O-O 7. Bd3 d6 8. a3
Bxc3+ 9. bxc3 Nbd7 10. Qb3 Qe8 11. O-O Ne4 12. d5 Ndc5 13. Qc2 exd5 14. cxd5
Bxd5 15. c4 Bb7 16. Bh4 Rc8 17. Nd2 Nxd3 18. Qxd3 Nxd2 19. Qxd2 Qe4 20. f3 Qxh4
21. Rad1 Qxc4 22. Qb2 Rfe8 23. Rd4 Qe6 24. Re1 Qf6 25. Qf2 Re6 26. Rc1 h6 27.
Rf4 Qe5 28. Rfc4 d5 29. f4 Qd6 30. R4c3 c5 31. h3 Rce8 32. Re1 Qe7 33. Kh2 Rg6
34. Rc2 Qe4 35. g4 Qd3 36. Rce2 a6 37. f5 Rd6 38. Qg3 Rd7 39. Qf2 Qxa3 40. f6
gxf6 41. Qxf6 Re6 42. Qf5 c4 43. g5 Qd6+ 44. Kh1 hxg5 45. Rg1 Rg6 46. Rxg5 Rxg5
47. Qxg5+ Qg6 48. Qe5 Qe4+ 49. Qxe4 dxe4 50. Kg2 b5 51. Kf2 b4 52. Ke1 c3 53.
Rc2 Rd3 54. Rg2+ Kh7 0-1

[Event "DEM U16w 2010"]
[Site "Oberhof GER"]
[Date "2010.05.25"]
[Round "5"]
[White "Lange, Anika"]
[Black "Rosenfeld, Elisabeth"]
[Result "0-1"]
[Termination "normal"]
[Board "12"]
[WhiteElo "1356"]
[BlackElo "1601"]
[PlyCount "110"]
[WhiteFideId "24693405"]
[BlackFideId "4624742"]
[EventCountry "GER"]
[EventRounds "9"]
[EventType "swiss"]
[EventDate "2010.05.22"]

1. d4 d5 2. Nf3 Nf6 3. e3 Nc6 4. Bd3 e5 5. dxe5 Nd7 6. b3 Ndxe5 7. Nxe5 Nxe5 8.
Be2 Bd6 9. O-O c6 10. Bb2 Bf5 11. Nd2 Qh4 12. Bxe5 Bxe5 13. Nf3 Qe7 14. Nxe5
Qxe5 15. Rc1 O-O 16. Qd2 Rfe8 17. Rfd1 Rad8 18. Qd4 Qc7 19. Bf3 h6 20. h3 Qa5
21. a4 Rd6 22. Qd2 Qc5 23. c3 a6 24. b4 Qb6 25. Qd4 Qxd4 26. Rxd4 b6 27. Rcd1
Bc2 28. Ra1 Bb3 29. Bd1 Bc4 30. Bf3 Kf8 31. g3 Ra8 32. Bg2 Ke7 33. e4 c5 34.
Rd2 dxe4 35. Rxd6 Kxd6 36. Bxe4 Re8 37. Rd1+ Kc7 38. Bf3 Bb3 39. a5 Bxd1 40.
Bxd1 Re1+ 41. Kg2 Rxd1 42. axb6+ Kxb6 43. bxc5+ Kxc5 44. h4 a5 45. g4 a4 46. g5
a3 47. gxh6 gxh6 48. h5 a2 49. Kf3 a1=Q 50. Kf4 Qxc3 51. Ke4 Re1+ 52. Kf4 Qf6+
53. Kg3 Rg1+ 54. Kh2 Qxf2+ 55. Kh3 Qg3# 0-1

[Event "DEM U16w 2010"]
[Site "Oberhof GER"]
[Date "2010.05.25"]
[Round "5"]
[White "Voggenreiter, Sara"]
[Black "Maiwald, Anja"]
[Result "0-1"]
[Termination "normal"]
[Board "13"]
[WhiteElo "1587"]
[BlackElo "1478"]
[PlyCount "90"]
[WhiteFideId "24615358"]
[EventCountry "GER"]
[EventRounds "9"]
[EventType "swiss"]
[EventDate "2010.05.22"]

1. e4 Nf6 2. Nc3 d5 3. exd5 Nxd5 4. Nge2 e6 5. b3 Be7 6. Nxd5 exd5 7. Bb2 Bf6
8. Nc3 O-O 9. Qf3 Re8+ 10. Be2 c6 11. O-O-O Nd7 12. g4 b5 13. Rde1 b4 14. Na4
Bxb2+ 15. Nxb2 Nf6 16. Qg2 Qd7 17. g5 Ne4 18. f3 Nd6 19. h4 c5 20. h5 a5 21. g6
h6 22. gxf7+ Qxf7 23. Reg1 Ra7 24. Bd3 Bf5 25. Qg3 Re6 26. Rg2 Bxd3 27. Nxd3
Rf6 28. Ne5 Qf8 29. Qg4 Qc8 30. Qg3 Nf5 31. Qf4 Qc7 32. Rhg1 Qd6 33. Re1 Re7
34. Qh2 Nd4 35. f4 Nc6 36. Qg3 Rfe6 37. Rge2 Qc7 38. Kb2 Nd4 39. Rg2 c4 40. Qe3
Nb5 41. Reg1 d4 42. Qe4 c3+ 43. Ka1 cxd2 44. Rxd2 Qc3+ 45. Kb1 Qxd2 0-1

[Event "DEM U16w 2010"]
[Site "Oberhof GER"]
[Date "2010.05.25"]
[Round "5"]
[White "Brandt, Carina"]
[Black "Möller, Nadine"]
[Result "1/2-1/2"]
[Termination "normal"]
[Board "14"]
[WhiteElo "1084"]
[BlackElo "1042"]
[PlyCount "75"]
[WhiteFideId "12917940"]
[EventCountry "GER"]
[EventRounds "9"]
[EventType "swiss"]
[EventDate "2010.05.22"]

1. e4 d5 2. exd5 Qxd5 3. Nc3 Qa5 4. Bc4 c6 5. a3 Nf6 6. d4 Bf5 7. Bd2 Qc7 8.
Nf3 e6 9. h3 Nbd7 10. Bg5 Bd6 11. Qe2 O-O 12. O-O-O Nd5 13. Nxd5 cxd5 14. Bb3
Rac8 15. Ne1 h6 16. Be3 a6 17. g4 Be4 18. f3 Bh7 19. g5 h5 20. Rg1 Bg6 21. Ng2
Nb6 22. Nh4 Nc4 23. Bxc4 Qxc4 24. Qxc4 Rxc4 25. Nxg6 fxg6 26. Rgf1 b5 27. Rd3
Rfc8 28. c3 a5 29. Bd2 b4 30. axb4 axb4 31. Kc2 bxc3 32. bxc3 e5 33. dxe5 Bxe5
34. Re1 Bf4 35. Re7 Bxd2 36. Kxd2 Rh4 37. Rxd5 Rxh3 38. Rd3 1/2-1/2

[Event "DEM U16w 2010"]
[Site "Oberhof GER"]
[Date "2010.05.26"]
[Round "6"]
[White "Schulz, Anja"]
[Black "Sancar, Alina"]
[Result "1-0"]
[Termination "normal"]
[Board "1"]
[WhiteElo "1972"]
[BlackElo "1790"]
[PlyCount "75"]
[WhiteFideId "24647845"]
[BlackFideId "4624750"]
[EventCountry "GER"]
[EventRounds "9"]
[EventType "swiss"]
[EventDate "2010.05.22"]

1. e4 d6 2. d4 Nf6 3. Nc3 e5 4. dxe5 dxe5 5. Qxd8+ Kxd8 6. Bg5 c6 7. O-O-O+
Nbd7 8. Nf3 Ke8 9. Bc4 h6 10. Bh4 Bc5 11. Bg3 Bb6 12. Nxe5 Nxe5 13. Bxe5 Bxf2
14. Rhf1 Be3+ 15. Kb1 Bg5 16. g3 Bh3 17. Rfe1 Rg8 18. Bd4 Nd7 19. e5 Be6 20.
Ne4 Be7 21. Nd6+ Bxd6 22. exd6 Nf8 23. d7+ Nxd7 24. Bxe6 fxe6 25. Rxe6+ Kf7 26.
Rd6 Nb8 27. Rf1+ Ke8 28. Rg6 Nd7 29. Bxg7 Ke7 30. Rg4 h5 31. Re4+ Kd8 32. Rd4
Rxg7 33. Rf8+ Kc7 34. Rxa8 c5 35. Rh4 Re7 36. b3 Nf6 37. Rf8 Re6 38. Rf4 1-0

[Event "DEM U16w 2010"]
[Site "Oberhof GER"]
[Date "2010.05.26"]
[Round "6"]
[White "Pohl, Theresa"]
[Black "Klek, Hanna-Marie"]
[Result "0-1"]
[Termination "normal"]
[Board "3"]
[WhiteElo "1821"]
[BlackElo "2133"]
[PlyCount "76"]
[BlackFideId "24670057"]
[EventCountry "GER"]
[EventRounds "9"]
[EventType "swiss"]
[EventDate "2010.05.22"]

1. d4 d5 2. c4 e6 3. Nc3 Be7 4. Nf3 Nf6 5. Bg5 h6 6. Bh4 O-O 7. e3 b6 8. Be2
dxc4 9. Bxc4 Bb7 10. O-O a6 11. Rc1 Nbd7 12. Re1 c5 13. Bg3 Rc8 14. d5 exd5 15.
Nxd5 Ne4 16. Nxe7+ Qxe7 17. Bf4 b5 18. Bb3 Rfd8 19. Qe2 c4 20. Bc2 Qb4 21. Bxe4
Bxe4 22. Rc3 Bxf3 23. gxf3 Nc5 24. a3 Qa5 25. Bg3 Nd3 26. Rd1 Rd7 27. Qc2 Rcd8
28. Rf1 Nc5 29. Qb1 Nb3 30. Qc2 Nd2 31. Rc1 Nxf3+ 32. Kg2 Nd2 33. Qf5 Qb6 34.
e4 Qc6 35. f3 Rd3 36. Bh4 g5 37. Bg3 Qe6 38. Qc5 Nxf3 0-1

[Event "DEM U16w 2010"]
[Site "Oberhof GER"]
[Date "2010.05.26"]
[Round "6"]
[White "Rogasch, Miriam"]
[Black "Kühnel, Lena"]
[Result "1/2-1/2"]
[Termination "normal"]
[Board "4"]
[WhiteElo "1884"]
[BlackElo "1858"]
[PlyCount "110"]
[WhiteFideId "4616324"]
[BlackFideId "24640956"]
[EventCountry "GER"]
[EventRounds "9"]
[EventType "swiss"]
[EventDate "2010.05.22"]

1. e4 e5 2. Nf3 Nc6 3. Nc3 Nf6 4. d4 exd4 5. Nxd4 Bb4 6. Nxc6 bxc6 7. Bd3 d5 8.
Bg5 h6 9. Bd2 O-O 10. exd5 Re8+ 11. Ne2 Bxd2+ 12. Qxd2 cxd5 13. O-O Rb8 14. b3
Ne4 15. Bxe4 Rxe4 16. Nc3 Re5 17. Rfe1 Rxe1+ 18. Rxe1 Be6 19. Ne2 c5 20. Nf4
Rb6 21. Qa5 Qd6 22. Nd3 Ra6 23. Qxc5 Qxc5 24. Nxc5 Rxa2 25. Nxe6 fxe6 26. Rc1
Kf7 27. Kf1 a5 28. Ke2 a4 29. bxa4 Rxa4 30. Kd3 Rh4 31. h3 Rf4 32. f3 Rc4 33.
c3 Kf6 34. Rb1 Ra4 35. g3 Ra2 36. Rg1 Kf5 37. h4 e5 38. Ke3 Ra3 39. g4+ Ke6 40.
Kd3 d4 41. Rc1 Kd5 42. Rc2 Rxc3+ 43. Rxc3 dxc3 44. Kxc3 e4 45. f4 e3 46. Kd3 e2
47. Kxe2 Ke4 48. g5 h5 49. f5 Kxf5 50. Ke3 Kg4 51. g6 Kf5 52. Kf3 Kxg6 53. Ke4
Kf6 54. Kf4 g6 55. Ke4 g5 1/2-1/2

[Event "DEM U16w 2010"]
[Site "Oberhof GER"]
[Date "2010.05.26"]
[Round "6"]
[White "Rethmann, Kristin"]
[Black "Brühan, Caren"]
[Result "1-0"]
[Termination "normal"]
[Board "5"]
[WhiteElo "1782"]
[BlackElo "1458"]
[PlyCount "76"]
[WhiteFideId "24655805"]
[BlackFideId "24691976"]
[EventCountry "GER"]
[EventRounds "9"]
[EventType "swiss"]
[EventDate "2010.05.22"]

1. e4 c5 2. Nf3 Nc6 3. d4 cxd4 4. Nxd4 g6 5. c4 Bg7 6. Be3 Qb6 7. Nb5 Qa5+ 8.
N1c3 Nf6 9. Qd2 O-O 10. Be2 d6 11. O-O Be6 12. Rac1 Rac8 13. b3 a6 14. Nd4 Nxd4
15. Qxd4 Ng4 16. Qd2 Nxe3 17. fxe3 b5 18. Nb1 Qxd2 19. Nxd2 bxc4 20. Nxc4 Rc5
21. Rc2 Rfc8 22. Rfc1 Bh6 23. Kf2 R8c7 24. Na3 Rxc2 25. Rxc2 Rxc2 26. Nxc2 Bc8
27. Nb4 a5 28. Nc6 Bb7 29. Nxa5 Bxe4 30. a4 Bg7 31. Bd1 Bc3 32. Nc4 d5 33. Na3
Kf8 34. Bc2 f5 35. Bxe4 fxe4 36. Nb5 Ba5 37. Nd4 e5 38. Nc6 Ke8 1-0

[Event "DEM U16w 2010"]
[Site "Oberhof GER"]
[Date "2010.05.26"]
[Round "6"]
[White "Düssler, Stefanie"]
[Black "Zimmerer, Leah"]
[Result "1-0"]
[Termination "normal"]
[Board "6"]
[WhiteElo "1828"]
[BlackElo "1618"]
[PlyCount "65"]
[WhiteFideId "4634780"]
[BlackFideId "4620240"]
[EventCountry "GER"]
[EventRounds "9"]
[EventType "swiss"]
[EventDate "2010.05.22"]

1. e4 c5 2. Nf3 Nc6 3. d4 cxd4 4. Nxd4 g6 5. c4 Bg7 6. Be3 Nf6 7. Nc3 O-O 8.
Be2 d6 9. O-O Bd7 10. f3 Nxd4 11. Bxd4 Bc6 12. Qd2 a6 13. b4 Rc8 14. a4 Bd7 15.
Rac1 Be6 16. Nd1 b6 17. Be3 a5 18. Nb2 Nd7 19. Rb1 Rc6 20. Rfc1 Qa8 21. Bd1
Rfc8 22. Bb3 Rb8 23. Nd3 Rbc8 24. Nf4 Rb8 25. Nxe6 fxe6 26. c5 Nf8 27. b5 Rcc8
28. cxb6 Kh8 29. Rxc8 Rxc8 30. Rc1 Rd8 31. Qc2 e5 32. Qc7 Rd7 33. Qc8 1-0

[Event "DEM U16w 2010"]
[Site "Oberhof GER"]
[Date "2010.05.26"]
[Round "6"]
[White "Schätz, Bianca"]
[Black "Kostré, Margarita"]
[Result "0-1"]
[Termination "normal"]
[Board "7"]
[WhiteElo "1836"]
[BlackElo "1779"]
[PlyCount "76"]
[WhiteFideId "24655821"]
[BlackFideId "4673344"]
[EventCountry "GER"]
[EventRounds "9"]
[EventType "swiss"]
[EventDate "2010.05.22"]

1. c4 Nf6 2. Nc3 g6 3. g3 Bg7 4. Bg2 O-O 5. e4 d6 6. Nge2 e5 7. O-O c6 8. d3
Nh5 9. Be3 f5 10. f4 exf4 11. Nxf4 Nxf4 12. gxf4 Be6 13. Qe2 Nd7 14. Rac1 Nf6
15. h3 Qd7 16. Kh2 Rae8 17. c5 fxe4 18. dxe4 d5 19. e5 Nh5 20. Rcd1 Qe7 21. Qe1
g5 22. fxg5 Bxe5+ 23. Kg1 Qc7 24. Rxf8+ Rxf8 25. Ne2 Bh2+ 26. Kh1 Qe5 27. Bc1
Qc7 28. Nf4 Bxf4 29. Qxe6+ Kh8 30. Be3 Ng3+ 31. Kg1 Ne2+ 32. Kh1 Ng3+ 33. Kg1
Ne2+ 34. Kh1 Be5 35. Qg4 Ng3+ 36. Kg1 Nf5 37. Bc1 Bh2+ 38. Kh1 Ng3+ 0-1

[Event "DEM U16w 2010"]
[Site "Oberhof GER"]
[Date "2010.05.26"]
[Round "6"]
[White "Rosenfeld, Elisabeth"]
[Black "Harder, Anne"]
[Result "0-1"]
[Termination "normal"]
[Board "8"]
[WhiteElo "1601"]
[BlackElo "1719"]
[PlyCount "76"]
[WhiteFideId "4624742"]
[BlackFideId "4614631"]
[EventCountry "GER"]
[EventRounds "9"]
[EventType "swiss"]
[EventDate "2010.05.22"]

1. d4 d5 2. Nf3 e6 3. Nc3 Nf6 4. Qd3 Be7 5. e4 dxe4 6. Nxe4 O-O 7. Bd2 b6 8.
Be2 Bb7 9. Ng3 c5 10. O-O Nc6 11. dxc5 Bxc5 12. Rad1 Qc7 13. c3 a5 14. Qc2 Nb4
15. Qb1 Nbd5 16. Nd4 Nf4 17. Bf3 Bxf3 18. Nxf3 Rfd8 19. Ne4 Be7 20. Be3 b5 21.
Nxf6+ Bxf6 22. Qe4 Nd5 23. Bg5 Bxg5 24. Nxg5 Nf6 25. Qe2 Qc5 26. Nf3 Qc6 27.
Nd4 Qc4 28. Qxc4 bxc4 29. Nc6 Rxd1 30. Rxd1 Nd5 31. Ne5 Rc8 32. Rd4 Nb6 33. Nc6
Kf8 34. Nxa5 Rc5 35. Nb7 Rb5 36. Rd2 Na4 37. Nd6 Rxb2 38. Nxc4 Rb1+ 0-1